000 00739cam a2200229 a 4500
001 000009350
005 20200929161550.0
008 970912s1997 ve 001 1 spa
020 _a9800109455
040 _aDO-SdBNP
_cDLC
082 _ann
_bR696q
100 1 _aRodríguez, Renato.
_924114
245 1 0 _aQuanos /
_cRenato Rodríguez.
260 _aCaracas, (Venezuela) :
_bMonte Ávila Editores Latinoamericana :
_bFondo para el Desarrollo de Nueva Esparta,
_c1997.
300 _a139 p. ;
_c20 cm.
490 1 _aFundación galería nacional
650 4 _aNovela venezolana
_93962
650 4 _aLiteratura venezolana
_93816
830 0 _aFundación galería nacional
_924115
910 _aCatalogación por copia / LC
049 _aBNGR
999 _c9110
_d9110